000
00265nam a2200121 a 4500
008
100924s1990|||| d
245
1
0
_a
Midway
100
1
_a
Fučida, Micuo
260
_b
Smena
_a
Bratislava
_c
1990
020
_c
30
044
_a
xo
_c
SK
041
_a
slo
999
_c
10690
_d
10690